000 01189cam a22003011 4500
999 _c23282
_d23282
001 9348014
003 BDDh-ASL
005 20231015030223.0
008 750812s1958 maubfj b 000 0beng
010 _a 58003240
035 _a(OCoLC)1540506
040 _aDLC
_cFM
_dOCoLC
_dNcRS
_dDLC
_dBDDh-ASL
041 1 _aeng
_hper
050 0 0 _aDS22
_b.J8813 1958b
082 0 0 _a950.2
_aB
_bJUH
100 1 _aJuvaynī, ʻAlāʾ al-Dīn ʻAṭā Malik,
_d1226-1283.
240 1 0 _aTarīkh-i Jahāngushā.
_lEnglish
245 0 4 _aThe history of the World-Conqueror, Vol.-1 /
_cby ʻAla-ad-Din ʻAta-Malik Juvaini. Translated from the text of Mirza Muhammad Qazvini by John Andrew Boyle.
260 _aCambridge, Mass.:
_bHarvard University Press,
_c1958.
300 _av-1, 361 p. :
_bplates, fold. maps, geneal. tables.
_c23 cm.
440 0 _aUNESCO collection of representative works.
_pPersian series
500 _aTranslation of Tārīkh-e Jahāngoshā (transliterated).
504 _aBibliography: v. 1, p. xxxix-xlv.
600 0 0 _aGenghis Khan,
_d1162-1227.
700 1 _aBoyle, John Andrew,
_eed. and tr.
906 _a7
_bcbc
_coclcrpl
_du
_encip
_f19
_gy-gencatlg
942 _2ddc
_cBK